Catálogo Biblioteca Central

The Robin Hood state : (Registro nro. 232798)

Detalles MARC
000 -CABECERA
campo de control de longitud fija 00538naa a22001577a 4500
001 - NÚMERO DE CONTROL
campo de control 232798
003 - IDENTIFICADOR DEL NÚMERO DE CONTROL
campo de control ES-MaBCM
005 - FECHA Y HORA DE LA ÚLTIMA TRANSACCIÓN
campo de control 20260406095838.0
008 - CÓDIGOS DE INFORMACIÓN DE LONGITUD FIJA
campo de control de longitud fija 260406s2026 uk ||||| |||| 00| 0 eng d
040 ## - FUENTE DE LA CATALOGACIÓN
Centro transcriptor ES-MaBCM
245 04 - MENCIÓN DE TÍTULO
Título The Robin Hood state :
Resto del título Tax systems in the rich world are more progressive than you think
650 #7 - PUNTO DE ACCESO ADICIONAL DE MATERIA--TÉRMINO DE MATERIA
Término de materia o nombre geográfico como elemento inicial Impuesto sobre el patrimonio
9 (RLIN) 58935
650 #7 - PUNTO DE ACCESO ADICIONAL DE MATERIA--TÉRMINO DE MATERIA
Término de materia o nombre geográfico como elemento inicial Distribución de la renta
9 (RLIN) 58427
773 0# - ENLACE AL DOCUMENTO FUENTE
Lugar editor y fecha de publicación London
Parte(s) relacionada(s) Vol. 458, n. 9487 (Feb. 2026), p. 51-53 - Loc. S.276
Título The economist
Número de control del registro relacionado 104401
942 ## - ELEMENTOS DE PUNTO DE ACCESO ADICIONAL (KOHA)
Fuente del sistema de clasificación o colocación Universal Decimal Classification
Tipo de ítem Koha Artículos de revistas
Existencias
Estado de retiro Estado de pérdida Fuente del sistema de clasificación o colocación Estado dañado No para préstamo Localización permanente Ubicación/localización actual Ubicación en estantería Fecha de adquisición Total de préstamos Fecha visto por última vez Precio válido a partir de Tipo de ítem Koha
    Universal Decimal Classification     Biblioteca Central del Ministerio de la Presidencia Biblioteca Central del Ministerio de la Presidencia Sala 06/04/2026   06/04/2026 06/04/2026 Artículos de revistas